00284 a2200121 450000100060000002000060000604000220001224000290003424500240006330000070008736200090009465000590010360849 a  cAnchieta - Pituba10aStudying in Germanyleng10aStudying in Germany a720 a2006 4aLínguas germânicas (teutônicas) língua alemã